| 000 | 00611nmm a2200169Ia 4500 | ||
|---|---|---|---|
| 008 | 251105s9999||||xx |||||||||||||||||und|| | ||
| 020 | _a9788484890720 | ||
| 041 | _ager | ||
| 100 | _aSchrader-Kniffki, Martina | ||
| 245 | 0 |
_aSpanisch-Zapotekische Bitt- und Dankeshandlungen : _b Sprachkontakt und Höflichkeit in einer amerindischen Kultur Mexikos |
|
| 264 |
_a[Madrid, España] : _bIberoamericana Vervuert, _c2003 |
||
| 300 | _a508 páginas | ||
| 490 | _aLengua y sociedad en el mundo hispánico | ||
| 650 | _aHistory of language | ||
| 856 | _uhttps://public.digitaliapublishing.com/a/21027 | ||
| 942 | _cCF | ||
| 999 |
_c86497 _d86497 |
||